|
|
|
|
| LEADER |
01096nam a2200265 a 4500 |
| 001 |
15754583 |
| 008 |
100629s2010 dcua b i001 0 eng d |
| 010 |
|
|
|a \\2009020886
|
| 020 |
|
|
|a 9780821380284 (pbk.)
|
| 020 |
|
|
|a 0821380281
|
| 040 |
|
|
|a DLC
|c DLC
|d BTCTA
|d UKM
|d C#P
|d DLC
|d BD-DhAAL
|
| 082 |
0 |
0 |
|a 338.90072
|2 22
|
| 100 |
1 |
|
|a Khandker, Shahidur R.
|
| 245 |
1 |
0 |
|a Handbook on impact evaluation :
|b quantitative methods and practices /
|c Shahidur R. Khandker, Gayatri B. Koolwal, Hussain A. Samad.
|
| 260 |
|
|
|a Washington, D.C. :
|b World Bank,
|c c2010.
|
| 300 |
|
|
|a xx, 239 p. :
|b ill. ;
|c 26 cm.
|
| 504 |
|
|
|a Includes bibliographical references and index.
|
| 541 |
1 |
|
|e 00020455
|
| 650 |
|
0 |
|a Economic development projects
|x Evaluation.
|
| 650 |
|
0 |
|a Economic assistance
|x Evaluation.
|
| 700 |
1 |
|
|a Koolwal, Gayatri B.
|
| 700 |
1 |
|
|a Samad, Hussain A.,
|d 1963-
|
| 852 |
4 |
|
|a Ayesha Abed Library
|j General Shelf
|
| 999 |
|
|
|c 9129
|d 9129
|
| 952 |
|
|
|0 0
|1 0
|2 ddc
|4 0
|6 338_900720000000000_KHA_2010
|7 0
|9 11387
|a BRACUL
|b BRACUL
|c GEN
|d 2010-06-30
|l 2
|m 7
|o 338.90072 KHA
|p 3010020455
|r 2024-02-08
|s 2024-01-22
|t 1
|w 2010-06-30
|y BK
|